[Event "US Amateur West-ch"]
[Site "Palo Verde"]
[Date "2010.05.29"]
[Round "3"]
[White "Douthat, John"]
[Black "Lebovitz, Laurence"]
[Result "0-1"]
[WhiteElo "1970"]
[BlackElo "1656"]
[PlyCount "66"]
[EventDate "2010.05.29"]
[EventType "swiss"]
[EventRounds "6"]
[EventCountry "USA"]
[SourceTitle "EXT 2014"]
[Source "ChessBase"]
[SourceDate "2013.11.20"]
[SourceVersion "1"]
[SourceVersionDate "2013.11.20"]
[SourceQuality "1"]

1. Nf3 f5 2. c4 Nf6 3. Nc3 e6 4. d3 Bb4 5. Bd2 0-0 6. a3 Bxc3 7. Bxc3 b6 8. e3 Bb7 9. Be2 Qe8 10. Qd2 d6 11. Bxf6 Rxf6 12. 0-0-0 Nd7 13. Rhg1 e5 14. Ne1 Nc5 15. Kb1 a5 16. Nc2 f4 17. Bf3 fxe3 18. Qxe3 Bxf3 19. gxf3 Qh5 20. Rg4 Raf8 21. Rdg1 g6 22. Ne1 Ne6 23. Qe4 Nd4 24. R1g3 Kg7 25. h4 Rf4 26. Qb7 R8f7 27. Rg5 Qxh4 28. Ka2 Qh6 29. Qc8 Nf5 30. Rg1 Qh2 31. R5g2 Qh4 32. Qe6 Qf6 33. Qe8 Nd4 0-1

[Event "US Amateur West-ch"]
[Site "Palo Verde"]
[Date "2003.05.26"]
[Round "6"]
[White "Lebovitz, Laurence"]
[Black "Feldstein Esq, Robert A"]
[Result "0-1"]
[WhiteElo "1443"]
[BlackElo "2000"]
[PlyCount "88"]
[EventDate "2003.05.24"]
[EventType "swiss"]
[EventRounds "6"]
[EventCountry "USA"]
[SourceTitle "EXT 2014"]
[Source "ChessBase"]
[SourceDate "2013.11.20"]
[SourceVersion "1"]
[SourceVersionDate "2013.11.20"]
[SourceQuality "1"]

1. f4 Nf6 2. b3 Nd5 3. e3 a5 4. a4 e6 5. Bb2 Qh4+ 6. g3 Qh6 7. Nf3 b6 8. c4 Nb4 9. Nc3 Bb7 10. e4 N8c6 11. d4 Ne7 12. Be2 f5 13. e5 0-0-0 14. Qd2 Qh5 15. Ng5 Qe8 16. Bf3 c6 17. Na2 h6 18. Nh3 Ng6 19. Nxb4 Bxb4 20. Bc3 Bxc3 21. Qxc3 Qe7 22. 0-0 Rhg8 23. Rac1 Ba6 24. Rfe1 c5 25. d5 Nh8 26. d6 Qe8 27. Bg2 Qh5 28. Nf2 g5 29. Nd3 Bb7 30. Bxb7+ Kxb7 31. Nxc5+ bxc5 32. Qxa5 Qf3 33. Qb5+ Ka8 34. Qa6+ Kb8 35. Rf1 Qb7 36. Qa5 Ng6 37. fxg5 Nxe5 38. gxh6 Nf3+ 39. Kf2 Nd4 40. Qc3 f4 41. b4 fxg3+ 42. hxg3 Rdf8+ 43. Ke3 Rxg3+ 44. Kd2 Qg2+ 0-1